00525nam a2200169Ia 4500100002800000650001500028250000700043942000700050366000700057654001500064245004400079260003400123082001900157546001200176999001700188952015000205 aGupta/ S.C/ Kapoor/V.K  aStatistics a11 cBK f15 astatistics aFundamentals of Mathematical statistics bS.Chand & C0aNew Delhic2002 a519.5/GUPbGUP aENGLISH c24105d24105 001040708CRCaCRCEbCRCEc1461 | 12d2023-03-17eUnique Book Distributorsg255.00l0o519.5/GUP GUPp16844r2023-03-17v270.00w0000-00-00yBK